ნორმალური ფორმატი
MARC ფორმატი
ჩანაწერი Personal Name
ჩანაწერთა რაოდენობა, რომელიც გამოყენებულია: 1
001 - CONTROL NUMBER
- control field: 24320
003 - CONTROL NUMBER IDENTIFIER
- control field: GE_BSU
005 - DATE AND TIME OF LATEST TRANSACTION
- control field: 20250211164640.0
008 - FIXED-LENGTH DATA ELEMENTS
- fixed length control field: 250211|| aca||aabn | a|a d
040 ## - CATALOGING SOURCE
- Original cataloging agency: GE_BSU
- Transcribing agency: GE_BSU
100 ## - HEADING--PERSONAL NAME
- Personal name: კენკიშვილი, კახაბერ
- Relator term: შემდგენელი
670 ## - SOURCE DATA FOUND
- Source citation: Work cat.: (GE_BSU)49632: მღვდელმოწამე თერაპონე - კვიპროსის ეპისკოპოსი ; ღირსმოწამე ფილოთეა ათენელი წმინდა იტა ლიმერიკელი ; ნეტარი თეოდორიტე კვირელი - ღვთისმოყვარეობითი თხრობანი წმინდა მოწამენი კვირიკე და ივლიტა /
